Concordancias, motivos y comentarios del Código civil español / (Record no. 68373)
[ view plain ]
| 000 -LEADER | |
|---|---|
| campo de control de longitud fija | 00980nam a22002411 4500 |
| 001 - NÚMERO DE CONTROL | |
| campo de control | 68373 |
| 003 - IDENTIFICADOR DE NÚMERO DE CONTROL | |
| campo de control | ES-MaACL |
| 005 - FECHA Y HORA DE LA ÚLTIMA TRANSACCIÓN | |
| campo de control | 20250808084931.0 |
| 007 - CAMPO FIJO DE DESCRIPCIÓN FÍSICA--INFORMACIÓN GENERAL | |
| campo de control de longitud fija | t| |
| 008 - DATOS DE LONGITUD FIJA--INFORMACIÓN GENERAL | |
| campo de control de longitud fija | 900725r19741852sp ||||0| spa d |
| 020 ## - NÚMERO INTERNACIONAL ESTÁNDAR DEL LIBRO | |
| Número Internacional Estándar del Libro | 84-600-5937-5 |
| 080 ## - NÚMERO DE LA CLASIFICACIÓN DECIMAL UNIVERSAL | |
| Número de la Clasificación Decimal Universal | 347(46)"1888"(094.52) |
| 080 ## - NÚMERO DE LA CLASIFICACIÓN DECIMAL UNIVERSAL | |
| Número de la Clasificación Decimal Universal | 340.5:347(094.56) |
| 100 1# - ENTRADA PRINCIPAL--NOMBRE DE PERSONA | |
| Nombre de persona | Garcia Goyena, Florencio. |
| 9 (RLIN) | 206357 |
| 245 10 - MENCIÓN DEL TÍTULO | |
| Título | Concordancias, motivos y comentarios del Código civil español / |
| Mención de responsabilidad, etc. | por... D. Florencio García Goyena. |
| 260 ## - PUBLICACIÓN, DISTRIBUCIÓN, ETC. | |
| Lugar de publicación, distribución, etc. | Zaragoza : |
| Nombre del editor, distribuidor, etc. | [Cátedra de Derecho Civil de la Universidad], |
| Fecha de publicación, distribución, etc. | 1974. |
| 300 ## - DESCRIPCIÓN FÍSICA | |
| Extensión | 1 t. en 2 v. (XVI, 514 p. ; 515-1085 p.) ; |
| Dimensiones | 24 cm. |
| 534 ## - NOTA SOBRE LA VERSIÓN ORIGINAL | |
| Frase introductoria | Reimp. de la ed. de: |
| Publicación, distribución, etc. del original | Madrid, 1852, con una nota preliminar del Prof. Lacruz Berdejo y una tabla de concordancias con el Código civil vigente. |
| 650 #4 - PUNTO DE ACCESO ADICIONAL DE MATERIA--TÉRMINO DE MATERIA | |
| Término de materia o nombre geográfico como elemento de entrada | Derecho civil- |
| Subdivisión geográfica | España |
| 9 (RLIN) | 11659 |
| 700 1# - ENTRADA AGREGADA--NOMBRE PERSONAL | |
| Nombre de persona | Lacruz Berdejo, José Luis. |
| 9 (RLIN) | 69414 |
| 852 ## - LOCALIZACIÓN | |
| Ubicación | ES-MaACL |
| Número de control de estantería | C-55056-57 |
| Nota libre | - Paginación defectuosa |
| Estatus retirado | Estado de pérdida | Estado de daño | No para préstamo | Biblioteca de origen | Biblioteca actual | Ubicación en estantería | Fecha de adquisición | Fuente de adquisición | Total de préstamos | Signatura topográfica completa | Código de barras | Visto por última vez | Precio de reemplazo | Tipo de ítem Koha |
|---|---|---|---|---|---|---|---|---|---|---|---|---|---|---|
| Biblioteca del Ateneo de Madrid | Biblioteca del Ateneo de Madrid | Depósito 2 | 17/01/2008 | C-55056-57 | 1071574 | 23/02/2023 | 23/02/2023 | Libro impreso |
